000 00781cam a2200229 a 4500
001 000009653
005 20200929161646.0
008 830728s1986 cu 000 f spa
040 _aDO-SdBNP
_bspa
_cBNPHU
082 _aC863.44
_bC675a
100 1 _aCofiño López, Manuel,
_d1936-1987
_924532
245 1 0 _aAmor a sombra y sol :
_bnovela /
_cManuel Cofiño ; edición, Ana M. Muñoz Bachs.
260 _aLa Habana, (Cuba) :
_bLetras Cubanas,
_c1986.
300 _a288 p. ;
_c18 cm.
490 1 _aGiraldilla
500 _aEs una reimpresión de la primera edición.
650 4 _aNovela cubana
_92316
650 4 _aNovela amorosa cubaba
_924533
650 4 _aRelaciones humanas
_xNovela
_924534
650 4 _aLiteratura cubana
_91483
700 1 _aMuñoz Bachs, Ana M.,
_eed.
_924535
999 _c9413
_d9413